[Event "Berlin Eckbauer op 21st"]
[Site "Berlin"]
[Date "2018.10.15"]
[Round "2"]
[White "Hilke, Juergen"]
[Black "Schmidt, Michael3333"]
[Result "0-1"]
[WhiteElo "1264"]
[BlackElo "1573"]
[PlyCount "30"]
[EventDate "2018.10.08"]
[EventType "swiss"]
[EventRounds "7"]
[EventCountry "GER"]
[SourceTitle "CBM 189 Extra"]
[Source "ChessBase"]
[SourceDate "2019.06.03"]
[SourceVersion "1"]
[SourceVersionDate "2019.06.03"]
[SourceQuality "1"]

1. e4 e5 2. Nf3 Nc6 3. Bc4 Bc5 4. 0-0 Nf6 5. c3 Nxe4 6. Re1 Bxf2+ 7. Kh1 Bxe1 8. Qxe1 d5 9. Bb3 0-0 10. d3 Nf6 11. Bg5 h6 12. Bxf6 Qxf6 13. Bxd5 Bg4 14. Nbd2 Rad8 15. Ne4 Qf4 0-1